Ecological economics : (Record no. 7192)

MARC details
000 -LEADER
fixed length control field 01538cam a22003854a 4500
001 - CONTROL NUMBER
control field 13887919
003 - CONTROL NUMBER IDENTIFIER
control field OSt
005 - DATE AND TIME OF LATEST TRANSACTION
control field 20210909111803.0
008 - FIXED-LENGTH DATA ELEMENTS--GENERAL INFORMATION
fixed length control field 050303s2005 enka b 001 0 eng
010 ## - LIBRARY OF CONGRESS CONTROL NUMBER
LC control number 2005045762
015 ## - NATIONAL BIBLIOGRAPHY NUMBER
National bibliography number GBA552371
Source bnb
016 7# - NATIONAL BIBLIOGRAPHIC AGENCY CONTROL NUMBER
Record control number 013225569
Source Uk
020 ## - INTERNATIONAL STANDARD BOOK NUMBER
International Standard Book Number 0521816459 (hbk.)
020 ## - INTERNATIONAL STANDARD BOOK NUMBER
International Standard Book Number 0521016703 (pbk.)
020 ## - INTERNATIONAL STANDARD BOOK NUMBER
International Standard Book Number 9780521816458 (hbk.)
020 ## - INTERNATIONAL STANDARD BOOK NUMBER
International Standard Book Number 9780521016704 (pbk.)
035 ## - SYSTEM CONTROL NUMBER
System control number (OCoLC)ocm58594908
040 ## - CATALOGING SOURCE
Original cataloging agency DLC
Transcribing agency DDC
Modifying agency BAKER
-- BWKUK
-- UKM
-- NLGGC
-- DLC
042 ## - AUTHENTICATION CODE
Authentication code pcc
050 00 - LIBRARY OF CONGRESS CALL NUMBER
Classification number HC79.E5
Item number C6115 2005
082 00 - DEWEY DECIMAL CLASSIFICATION NUMBER
Classification number 577COM2005
100 1# - MAIN ENTRY--PERSONAL NAME
Personal name Common,Michael; Stagl,Sigrid;
9 (RLIN) 14785
245 10 - TITLE STATEMENT
Title Ecological economics :
Remainder of title an introduction /
Statement of responsibility, etc. Edited by Common,Michael and Stagl,Sigrid;
260 ## - PUBLICATION, DISTRIBUTION, ETC. (IMPRINT)
Place of publication, distribution, etc. Cambridge, UK ;
-- New York :
Name of publisher, distributor, etc. Cambridge University Press,
Date of publication, distribution, etc. 2005.
300 ## - PHYSICAL DESCRIPTION
Extent xxxii,560p;
Other physical details ill. ;
Dimensions 26 cm.
504 ## - BIBLIOGRAPHY, ETC. NOTE
Bibliography, etc Includes; bibliographical references (p. 540-551) and index.
650 #0 - SUBJECT ADDED ENTRY--TOPICAL TERM
Topical term or geographic name as entry element Biology
9 (RLIN) 5602
700 1# - ADDED ENTRY--PERSONAL NAME
Personal name Stagl, Sigrid,
Dates associated with a name 1968-
9 (RLIN) 14787
856 42 - ELECTRONIC LOCATION AND ACCESS
Materials specified Publisher description
Uniform Resource Identifier <a href="http://www.loc.gov/catdir/enhancements/fy0642/2005045762-d.html">http://www.loc.gov/catdir/enhancements/fy0642/2005045762-d.html</a>
856 41 - ELECTRONIC LOCATION AND ACCESS
Materials specified Table of contents only
Uniform Resource Identifier <a href="http://www.loc.gov/catdir/enhancements/fy0642/2005045762-t.html">http://www.loc.gov/catdir/enhancements/fy0642/2005045762-t.html</a>
856 42 - ELECTRONIC LOCATION AND ACCESS
Materials specified Contributor biographical information
Uniform Resource Identifier <a href="http://www.loc.gov/catdir/enhancements/fy0732/2005045762-b.html">http://www.loc.gov/catdir/enhancements/fy0732/2005045762-b.html</a>
906 ## - LOCAL DATA ELEMENT F, LDF (RLIN)
a 7
b cbc
c orignew
d 1
e ocip
f 20
g y-gencatlg
942 ## - ADDED ENTRY ELEMENTS (KOHA)
Source of classification or shelving scheme Dewey Decimal Classification
Koha item type Open Shelf
Holdings
Withdrawn status Lost status Source of classification or shelving scheme Damaged status Not for loan Home library Current library Date acquired Source of acquisition Inventory number Total Checkouts Full call number Barcode Date last seen Price effective from Koha item type
    Dewey Decimal Classification     MUST Main Library MUST Main Library 09/09/2021 Donation 06/27571   577COM2005 2021-1023 09/09/2021 09/09/2021 Open Shelf